MARC details
| 000 -CABECERA |
| campo de control de longitud fija |
01113nam a2200289 a 4500 |
| 005 - FECHA Y HORA DE LA ÚLTIMA TRANSACCIÓN |
| campo de control |
20231011101953.0 |
| 008 - ELEMENTOS DE LONGITUD FIJA--INFORMACIÓN GENERAL |
| campo de control de longitud fija |
190828s2014 mx ao r 000 0 spa d |
| 020 ## - NÚMERO INTERNACIONAL NORMALIZADO PARA LIBROS |
| Número Internacional Estándar del Libro |
9786078344031 (EEyC) |
| 020 ## - NÚMERO INTERNACIONAL NORMALIZADO PARA LIBROS |
| Número Internacional Estándar del Libro |
9786074876734 (BUAP) |
| 035 ## - NÚMERO DE CONTROL DEL SISTEMA |
| Número de control de sistema |
UPN01000232503 |
| 040 ## - FUENTE DE LA CATALOGACIÓN |
| Centro catalogador/agencia de origen |
MX-MxUPN |
| Lengua de catalogación |
spa |
| Centro/agencia transcriptor |
MX-MxUPN |
| 050 ## - SIGNATURA TOPOGRÁFICA DE LA BIBLIOTECA DEL CONGRESO |
| Número de clasificación |
F1391 P9 |
| Número de documento/Ítem |
L67 2014 |
| 100 1# - ASIENTO PRINCIPAL--NOMBRE PERSONAL |
| Nombre de persona |
Loreto López, Rosalva |
| 9 (RLIN) |
46501 |
| 245 13 - MENCIÓN DE TÍTULO |
| Título |
La Ciudad como paisaje : |
| Resto del título |
historia urbana y patrimonio edificado de Puebla |
| 250 ## - MENCIÓN DE EDICIÓN |
| Mención de edición |
Primera edición (Primera reimpresión, 2016) |
| 260 ## - PUBLICACIÓN, DISTRIBUCIÓN, ETC. |
| Lugar de publicación, distribución, etc. |
México, D.F. : |
| Nombre del editor, distribuidor, etc. |
Educación y Cultura, Asesoría y Promoción |
| 260 ## - PUBLICACIÓN, DISTRIBUCIÓN, ETC. |
| Lugar de publicación, distribución, etc. |
Puebla, Puebla : |
| Nombre del editor, distribuidor, etc. |
Benemérita Universidad Autónoma de Puebla, |
| Fecha de publicación, distribución, etc. |
2014. |
| 300 ## - DESCRIPCIÓN FÍSICA |
| Extensión |
357 páginas : |
| Otras características físicas |
ilustraciones, fotografías en blanco y negro |
| Material acompañante/anejo |
+ 1 disco de computadora |
| 490 ## - MENCIÓN DE SERIE |
| Mención de serie |
Colección Legados |
| 650 #0 - ASIENTO SECUNDARIO DE MATERIA - TERMINO TEMATICO |
| Término de materia o nombre geográfico como elemento de entrada |
Arquitectura |
| Subdivisión geográfica |
Puebla |
| Subdivisión de forma |
Obras ilustradas |
| 9 (RLIN) |
46016 |
| 650 #0 - ASIENTO SECUNDARIO DE MATERIA - TERMINO TEMATICO |
| 9 (RLIN) |
46017 |
| Término de materia o nombre geográfico como elemento de entrada |
Monumentos |
| Subdivisión geográfica |
Puebla |
| 651 #2 - ASIENTO SECUNDARIO DE MATERIA - NOMBRE GEOGRAFICO |
| 9 (RLIN) |
23822 |
| Nombre geográfico |
Puebla |
| Subdivisión general |
Historia |
| 651 #0 - ASIENTO SECUNDARIO DE MATERIA - NOMBRE GEOGRAFICO |
| 9 (RLIN) |
46014 |
| Nombre geográfico |
Puebla |
| Subdivisión general |
Construcciones, estructuras, etc. |
| 905 ## - TIPO DE MATERIAL |
| Tipo de material |
Libro |
| 942 ## - ELEMENTOS DE PUNTO DE ACCESO ADICIONAL (KOHA) |
| Suprimir en OPAC |
No |
| Fuente del sistema de clasificación o colocación |
Library of Congress Classification |
| Tipo de ítem Koha |
Libro |